000 00432nam a22001817a 4500
003 MPLRDC
005 20220104143103.0
008 210129b ||||| |||| 00| 0 eng d
020 _a7-309-00595-3
082 _a411.12 KXD
100 _a孔宪德
245 _a气功心法
_c
250 _a一版二刷
260 _a
_b复旦大学出版社
_c1991
300 _b
650 _a呼吸法--气功
942 _cBK
_o411.12 KXD
999 _c36485
_d36475